Bāga-bagicāra saudāgara. (Record no. 62833)

MARC details
000 -LEADER
fixed length control field 00580cam a22002291 4500
001 - CONTROL NUMBER
control field sa 65002809
003 - CONTROL NUMBER IDENTIFIER
control field DLC
005 - DATE AND TIME OF LATEST TRANSACTION
control field 20260227112119.0
008 - FIXED-LENGTH DATA ELEMENTS--GENERAL INFORMATION
fixed length control field 941012s1962 ii a 000 0 orio
010 ## - LIBRARY OF CONGRESS CONTROL NUMBER
LC control number sa 65002809
025 ## - OVERSEAS ACQUISITION NUMBER
Overseas acquisition number PL480:I-O-440
035 ## - SYSTEM CONTROL NUMBER
System control number (OCoLC)31273838
040 ## - CATALOGING SOURCE
Original cataloging agency DLC
Transcribing agency CU
Modifying agency CU
-- DLC
042 ## - AUTHENTICATION CODE
Authentication code premarc
050 00 - LIBRARY OF CONGRESS CALL NUMBER
Classification number QL467
Item number .A3
100 1# - MAIN ENTRY--PERSONAL NAME
Personal name Ācāryya, Śāntanu Kumāra,
Dates associated with a name 1933-
245 10 - TITLE STATEMENT
Title Bāga-bagicāra saudāgara.
260 ## - PUBLICATION, DISTRIBUTION, ETC.
Date of publication, distribution, etc. 1962.
300 ## - PHYSICAL DESCRIPTION
Extent 48 p.
Other physical details ill.
Dimensions 24 cm.
500 ## - GENERAL NOTE
General note In Oriya.
650 #0 - SUBJECT ADDED ENTRY--TOPICAL TERM
Topical term or geographic name entry element Insects
Form subdivision Juvenile literature.

No items available.

Powered by Koha